[Event "SWE-ch"]
[Site "Linkoping"]
[Date "2001.06.30"]
[Round "1"]
[White "Berg, Emanuel"]
[Black "Cramling, Pia"]
[Result "1/2-1/2"]
[WhiteElo "2474"]
[BlackElo "2496"]
[Annotator "Ribli,Z"]
[PlyCount "95"]
[EventDate "2001.06.30"]
[EventType "tourn"]
[EventRounds "13"]
[EventCountry "SWE"]
[EventCategory "8"]
[SourceTitle "CBM 085"]
[Source "ChessBase"]
[SourceDate "2001.11.13"]
[SourceVersion "1"]
[SourceVersionDate "2001.11.13"]
[SourceQuality "1"]

1. e4 c5 2. Nf3 e6 3. d4 cxd4 4. Nxd4 Nc6 5. Nc3 Qc7 {Die
Taimanov-Paulsen-Variante ist die Lieblingswaffe des schwedischen Großmeisters.
} 6. Be3 a6 7. f4 Nxd4 (7... b5) (7... Bb4) 8. Qxd4 b5 9. Be2 Bb7 10. Bf3 {
Statt dieser Fortsetzung kann man hauptsächlich 10.0-0, oder 10.0-0-0 spielen.}
Rc8 11. O-O h5 (11... Ne7 $5 12. a3 $6 d5 13. Kh1 dxe4 14. Bxe4 Bxe4 15. Qxe4
Nf5 $15 {Manik,M - Horvath,J Budapest zt 2000 CBM 78.}) 12. h3 h4 (12... Ne7 $5
{Ich muss bemerken, dass bei der Be2-Läuferstellung dieser Zug wegen die
Möglichkeit Bxb5 ganz schlecht wäre .} 13. Rad1 (13. Kh1 $5) 13... d5 14. Rf2
Nc6 15. Qb6 d4 16. Bxd4 Nxd4 17. Qxd4 e5 $1 (17... Bc5 18. Qxg7) 18. Qd2 Bc5 {
0-1 Berg,E-Flumbort,A/Patras GRE 2001/(56)}) (12... Nf6 $6 13. e5 $36) 13. Rad1
Nf6 {Mit Zugumstellung haben wir eine theoretische Hauptvariante. Die
gewoenliche Zugfolge ist - 6.Be2 a6 7.f4 Nxd4 8.Qxd4 b5 9.Be3 Bb7 10.0-0 Rc8
11.Rad1 Nf6 12.Bf3 h5 13.h3 h4.} 14. Rf2 {[%cal Gf2d2,Gd1d7] Weiß bereitet die
Turmverdoppelung auf der d-Linie vor.} (14. e5 Nh5 15. Bxh5 Rxh5 16. Rf2 Bc5
17. Qd3 Bxe3 18. Qxe3 Qc5 19. Qd3 Rc7 20. Ne4 Bxe4 21. Qxe4 Rf5 22. Rd3 Qa7 23.
Rd4 g5 {1/2-1/2 Martin Gonzalez,A-De la Riva Aguado,O/Spanish Teams, Salamanca
ESP 1998 (51)}) 14... Bc5 (14... Be7 15. Rfd2 O-O 16. e5 Bxf3 17. gxf3 Nh5 18.
Qxd7 Bc5 19. Bxc5 Qxc5+ 20. Qd4 Nxf4 21. Kh2 Ng6 {1/2-1/2 Berg,E-Horvath,A/
Aviles ESP 2000/(42)}) 15. Qd3 (15. Qxc5 Qxc5 16. Bxc5 Rxc5 17. Rd6 Ke7 $5 (
17... b4 $6 18. Na4 Ra5 {1-0 Dvoirys,S-Tregubov,P/RUS 1995/Inf 63/[Dvoirys,S] 
(18)}) 18. Rb6 Bc6 19. Rxa6 Nh5 $5 20. Bxh5 Rhxh5 21. a4 $5 bxa4 22. Nxa4 Rc4
23. Nc3 Bxe4 24. Nxe4 Rxe4 {1/2-1/2 Anka,E-Landa,K/Balatonbereny 1995/CBM 50/
[Ribli] (51)}) 15... Bxe3 16. Qxe3 b4 (16... O-O $6 17. e5 $14 Bxf3 18. Qxf3
Ne8 19. Rfd2 $14 (19. a3 f6 $132) 19... b4 20. Ne4 {1-0 Dvoirys,S-Gritsak,O/
Koszalin 1999/CBM 73/[Ribli] (42)}) (16... Qc5 17. Qd3 e5 18. fxe5 Qxe5 19. Qd6
Qxd6 20. Rxd6 Rc6 21. Rd4 Rc4 22. Rxc4 bxc4 23. e5 Bxf3 24. Rxf3 Nh5 25. Ne4
Ke7 26. Nd6 Ke6 {1/2-1/2 Dvoirys S-Landa Konstantin/ Krasnoiarsk Cup 1998 (35)}
) 17. Na4 O-O 18. Nb6 (18. Rd4 Bc6 $5 19. Rxb4 Rb8 20. Rd4 e5 21. fxe5 Qxe5 {
1/2-1/2 Dvoirys,S-Poluljahov,A/Samara 2000/CBM 78/[Ribli] (42)}) 18... Rcd8 19.
e5 (19. Rfd2 d6 $11) 19... Bxf3 20. Qxf3 Ne8 {Weiß hat Raumvorteil und
positionellen Druck auf der d-Linie, aber Schwarz kann im folgenden Spiel die
Stellung entweder mit d7-d6, oder mit f7-f6 sprengen.} 21. Qe3 d5 22. Na4 (22.
exd6 $6 Nxd6 $15 {[%cal Gd6f5]} (22... Rxd6 23. Rxd6 Nxd6 $15)) 22... a5 $146 {
Das ist der 22. Zug in der Partie und alles war bis jetzt Theorie. Mit dieser
natürlicher Fortsetzung festigt Schwarz seinen Bauern auf b4.} (22... g6 23.
Qc5 Qxc5 24. Nxc5 a5 25. Rd3 Ng7 26. a3 Rc8 27. Nb7 {1/2-1/2 Dvoirys,
S-Tregubov,P/St. Petersburg 1998/CBM 67/[Ribli] (45)}) 23. Rd4 (23. Qc5 Qxc5
24. Nxc5 $11) 23... f6 (23... Qc6 24. b3 f6 $11) 24. exf6 Rxf6 {[%csl Yf5]
[%cal Ge8d6,Gd6f5,Gf5e3,Gf5d4]} 25. f5 {[%mdl 512] Mit diesem zeitweiligem
Bauernopfer verhindert Weiß das Springermanöver Ne8-d6-f5.} (25. Rfd2 Nd6 $15)
25... exf5 (25... Qc6 26. b3 exf5 27. Qd3 {Mit Zugumstellung haben wir die
Partiefortsetzung.}) (25... Nd6 $6 26. fxe6 Nf5 27. Qd3 (27. Qg5 Nxd4 28. Rxf6
Ne2+ 29. Kf2 Ng3 $17 {[%cal Rg3e4,Re4f2,Re4g5,Re4f6]}) 27... Nxd4 28. Rxf6 gxf6
29. Qg6+ Qg7 30. e7 $1 $16) 26. Qd3 (26. Rxh4 Nd6 $15 {[%cal Gd6e4]}) 26... Qc6
(26... Re6) 27. b3 Nd6 {[%csl Ye4][%cal Gd6e4] Der schwarze Springer zielt das
Schlüsselfeld-e4 an.} 28. Rxd5 $11 Re8 29. Rc5 (29. Rxa5 Re1+ 30. Rf1 Rfe6 $44
{Schwarz hat aktives Figurenspiel und Initiative am Königsfluegel.}) 29... Re1+
(29... Qa8 30. Rd5 (30. Nb6 Qa7 {[%cal Ga7g1]}) 30... Qc6 $11) 30. Rf1 Qe4 (
30... Rxf1+ 31. Kxf1 (31. Qxf1 Qe4) 31... Qe4) 31. Qxe4 Rxf1+ 32. Kxf1 Nxe4 33.
Rc8+ {[%mdl 4096]} (33. Rxa5 Rc6 $132 {[%csl Rf1][%cal Rc6c2]} 34. Rxf5 $4 Ng3+
$19 {[%cal Rg3f5,Rg3f1]}) 33... Kh7 34. Nc5 Ng3+ $36 {[%csl Gg3] Schwarz hat
etwas besseres Figurenspiel. Die weisse Königsstellung ist angreifbar.} (34...
Nxc5 35. Rxc5 $14) 35. Kf2 Rd6 {[%cal Rd6d2,Rd2a2,Rd2g2]} 36. Nd3 Re6 (36... g5
$5) 37. Kf3 (37. Nf4 Rd6 38. Nd3) 37... g5 38. Rc5 Kg6 39. Rxa5 Re4 40. Rb5 (
40. Ra6+ Kh5) 40... g4+ 41. Kf2 (41. hxg4 fxg4+ 42. Kf2 Re2+ 43. Kg1 Rxc2 $11)
41... Re2+ 42. Kg1 Rxc2 43. hxg4 (43. Rxb4 Ne2+ 44. Kf1 Ng3+ $11) 43... fxg4
44. Rxb4 $11 Kg5 45. Rb5+ (45. a4 Ne2+ 46. Kf1 Ng3+ $11) 45... Kf6 46. Rb4 Kg5
47. Rb5+ Kf6 48. Rb4 1/2-1/2

[Event "Redbus KO"]
[Site "Southend"]
[Date "1999.04.03"]
[Round "2.1"]
[White "Lalic, Bogdan"]
[Black "Rowson, Jonathan"]
[Result "1/2-1/2"]
[WhiteElo "2549"]
[BlackElo "2494"]
[Annotator "Ribli,Z"]
[PlyCount "110"]
[EventDate "1999.04.??"]
[EventType "k.o."]
[EventRounds "4"]
[EventCountry "ENG"]
[SourceTitle "CBM 071"]
[Source "ChessBase"]
[SourceDate "1999.08.01"]
[SourceVersion "1"]
[SourceVersionDate "1999.08.01"]
[SourceQuality "1"]

{[%mdl 4128]} 1. e4 c5 2. Nf3 e6 3. d4 cxd4 4. Nxd4 a6 5. Nc3 Qc7 6. Be2 {
Gegen den Paulsen-Aufbau ist dieser Plan schwächer als in vielen anderen
Varianten. Ribli.} Nf6 7. O-O Bb4 $5 {Schwraz nutzt den Umstand, daß sein
Springer noch nicht auf c6 steht.} 8. Qd3 {Weiß möchte nicht den e-Bauern
opfern, wonach er Kompensation bekäme. Ich bin allerdings nicht überzeugt, daß
diese ausreichend ist.} (8. Re1 O-O (8... Bxc3 9. bxc3 Nxe4 10. Bf3 $44) 9. Bf1
$11) (8. Bd2 Bxc3 9. Bxc3 Nxe4 10. Bb4 $44) 8... Nc6 9. Kh1 Nxd4 10. Qxd4 Bc5 {
Mit Zugumstellung haben wir eine theoretische Hauptvariante: 1.e4 c5 2.Nf3 e6
3.d4 cxd4 4.Nxd4 Nc6 5.Nc3 Qc7 6.Be2 a6 7.0-0 Nf6 8-Kh1 Nxd4 9.Qxd4 Bc5.} 11.
Qd3 b5 12. f4 Bb7 (12... h5 $2 13. e5 Ng4 14. Qh3 $16 {Leider geht hier 14...
Nf2+ 15.Rxf2 Bxf2 nicht wegen 16.Qf3.}) 13. e5 (13. Bf3 $5 {Dieser Zug führt
zu komplitziertem Spiel.}) 13... Nd5 14. Nxd5 (14. a3 Rc8 15. Ne4 Be7 16. c3
O-O 17. Bd2 f5 $13 {0-1/Horvath,Z-Tenyi,J/HUN-tt/1997/(30)}) (14. Bf3 Nxc3 15.
Qxc3 Rc8 16. Bxb7 Qxb7 17. Qg3 g6 $13 {0-1/Linnanen,L-Teske,H/Mainz op/1995/
(68)} 18. Re1) (14. Ne4 $2 Nb4 {[%csl Rd3]} 15. Nd6+ (15. Qf3 Nxc2 $17) 15...
Bxd6 16. exd6 Qxc2 $17) 14... Bxd5 {[%csl Gc5,Gd5] Schwarz hat zwei gut
zentralisierte Läufer und keine Schwächen.} 15. a4 (15. Qg3 g6 16. f5 $2 {
Für diesen Zug hat Weiß eigentlich keinen Grund.} gxf5 17. Bf3 Qc6 18. Bg5 Rg8
$17 {0-1/Szelag,M-Gorjatschkin,W/Poznan op/1995/(22)}) 15... b4 $5 (15... Qc6
16. Bf3 Bxf3 17. Rxf3 O-O $11) (15... Rb8 $6 16. axb5 axb5 17. Qg3 $14 {
[%cal Ga1a8]}) 16. Bd2 O-O $11 (16... d6 $11) 17. c4 (17. c3 bxc3 18. Bxc3)
17... bxc3 (17... Bb7 $11) 18. Bxc3 Rfb8 19. f5 {Es scheint, Weiß hätte
Angriffschancen am Königsfluegel, aber er schafft keine Drohungen.} Rb3 {
[%csl Gb3]} 20. Bd1 Qc6 {[%cal Rc6h1]} 21. Qh3 Rb7 22. f6 g6 23. Bf3 {Weiß hat
nichts besseres. Er muß die lebendigste schwarze Figur tauschen.} (23. Qh6 $4 {
Jetzt verliert dieser Zug wegen Matt auf g2, aber Schwarz hätte auch immer ...
Bf8.} Bxg2#) 23... Bxf3 24. Rxf3 d5 {[%cal Gd5d4]} 25. exd6 Bxd6 {Weiß
entfaltet etwas Druck am Königsflügel, aber die schwarze Stellung ist fest.}
26. Rd3 (26. Qh6 $6 Bf8) 26... Bf8 27. Qf3 Qxf3 28. gxf3 h5 {Das ist ein guter
prophylaktischer Zug. Schwarz befreit seine Grundreihe.} 29. Rad1 Bb4 {Schwarz
möchte den Läufer tauschen. Er hätte dann mindestens gleiche Chancen.} 30. Be5
(30. Rd8+ Rxd8 31. Rxd8+ Kh7 32. Bxb4 Rxb4 33. Rf8 g5 34. Rxf7+ Kg6 35. Rf8
Rxa4 $15) 30... Kh7 31. f4 Rc8 32. Rd8 $6 (32. Rd7 $5 Rxd7 33. Rxd7 Kg8 34. Bd6
{[%csl Gf6]} Rc1+ (34... Bxd6 35. Rxd6 a5) 35. Kg2 Rc2+ 36. Kf3 Rd2 (36... Bxd6
37. Rxd6 $14 {[%csl Gf6,Rg8]}) (36... Rxb2 37. Rd8+ Kh7 38. Be7) 37. Rd8+ Kh7
38. Be7 $14 {Schwarz hat Probleme mit seinem König.}) 32... Rxd8 33. Rxd8 h4 {
Schwarz gewinnt Raum am Königsflügel, aber 34...h3 droht nicht, denn es käme
dann Rd3.} 34. Kg2 g5 $5 {Schwarz kann nicht die gesamte Partie "ohne" König
spielen.} 35. Kh3 (35. fxg5 Kg6 36. Rg8+ Kf5 37. Bc3 (37. Bd4 e5) 37... Bxc3
38. bxc3 Rc7 $11) 35... gxf4 36. Kxh4 Ba5 37. Rd3 Kg6 {[%cal Gg6f5]} 38. Kg4 {
Der schwarze f4-Bauer ist schwach und Weiß hat einen ernfernten Freibauer auf
h2. Die schwarze Aktivität ist allerdings genug für das Gleichgewicht.} Rb4 $1
{[%csl Gb4]} 39. b3 Re4 40. Bd6 (40. Bxf4 $4 e5 $19) 40... Kxf6 41. h4 {
[%cal Gh4h5]} Re3 (41... Bb6 42. b4) 42. Rxe3 fxe3 43. Kf3 Bb6 44. b4 {Weiß
möchte einen zweiten Freibauern bilden.} Kg6 45. a5 Bd8 (45... Bd4 46. Bc5 Be5
47. b5 axb5 48. a6 Bb8 49. Bxe3 Kh5 50. Bf4 Ba7 51. Be3 $11) 46. Bc5 Bc7 (46...
Bxh4 $2 47. b5 $18 {Und Schwarz kann den a-Bauern nicht aufhalten.}) 47. Bb6
Bd6 48. Bc5 (48. b5 axb5 49. a6 Bb8 50. Bxe3 Kh5 51. Bf4 Ba7 52. Be3 $11) 48...
Bc7 49. Kxe3 f5 (49... Kh5 $11) 50. Kd4 Kh5 51. Bb6 Bg3 52. Kc4 Be1 (52... Bxh4
$2 53. b5 axb5+ 54. Kxb5 Bg3 55. a6 Bb8 56. Kc6 $18 {[%cal Rc6b7,Ra6a7,Ra7a8]})
53. b5 {Dieser Zug führt zum Remis, aber Weiß hat keine Gewinnchancen.} axb5+ (
53... Bxa5 54. Bxa5 axb5+ $11) 54. Kxb5 Bxa5 55. Bxa5 Kxh4 (55... Kxh4 56. Kc4
Kg4 57. Kd3 $11) 1/2-1/2

[Event "Capablanca Memorial Elite 34th"]
[Site "Havana"]
[Date "1999.05.20"]
[Round "12"]
[White "Slobodjan, Roman"]
[Black "Comas Fabrego, Luis"]
[Result "1-0"]
[WhiteElo "2536"]
[BlackElo "2541"]
[Annotator "Ribli,Z"]
[PlyCount "80"]
[EventDate "1999.05.??"]
[EventType "tourn"]
[EventRounds "13"]
[EventCountry "CUB"]
[EventCategory "12"]
[SourceTitle "CBM 071"]
[Source "ChessBase"]
[SourceDate "1999.08.01"]
[SourceVersion "1"]
[SourceVersionDate "1999.08.01"]
[SourceQuality "1"]

{[%mdl 544]} 1. e4 c5 2. Nc3 Nc6 3. Nge2 e6 4. d4 cxd4 5. Nxd4 Qc7 6. g3 a6 7.
Bg2 Nf6 8. O-O Bc5 {Das ist eine heutzutage eine sehr populäre Variante.
Schwarz möchte seinen Läufer nicht mit ...d6 einschließen. In einigen
Varianten fehlt er jedoch am Königsflügel. Ribli.} 9. Nb3 (9. Nxc6 dxc6 10. Na4
{Diese Variante ist das letzte Wort der Eröffnungstheorie.}) 9... Ba7 (9... Be7
10. f4 d6 11. Be3 O-O 12. g4 $14 {Weiß hat gute Angriffschancen am
Königsflügel.}) 10. Qe2 {Das ist ein bescheidene Fortsetzung. Weiß bereitet
den Läufertausch mit Be3 vor. Ein logischer Zug wäre 10.Bg5, denn der schwarze
Läufer hat den Königsflügel verlassen.} (10. a4 d6 11. Qe2 Ne5 12. Be3 Bxe3 13.
Qxe3 Nc4 14. Qc1 e5 15. Nd2 Be6 16. Nxc4 Bxc4 17. Rd1 O-O 18. Qd2 Rfd8 {
1/2-1/2 Akhmadeev,V-Hasangatin,R/Kstovo 1998 (18)}) (10. Kh1 {Dieser Zug
bereitet f2-f4 vor.}) 10... d6 11. Be3 (11. Kh1 h5 $5 12. Bg5 Ne5 13. Nd1 Bd7
14. a4 Rc8 15. c3 Qc4 16. Nc1 b5 17. Re1 bxa4 18. Be3 Qxe2 19. Rxe2 Bxe3 20.
Nxe3 Bb5 21. Rd2 {0-1 Voekler,B-Gustafsson,J/BL9798 Erfurt-HSK 1998/BL9798 (47)
}) 11... O-O {Dieser Zug ist nicht schlecht, aber nach einfachem Läufertausch
stände Schwarz keineswegs schlechter.} (11... Bxe3 12. Qxe3 Ne5 13. Qe2 (13.
Nd2 b5 14. a3 Bb7 15. h3 O-O 16. f4 Ned7 17. Rad1 {0-1 McShane-Oral/
Gelsenkirchen Ibis op, SW 1998 (33)}) 13... Nc4 14. Nd1 e5 15. Nd2 Be6 16. b3
Na3 17. c4 Nc2 18. Rc1 Nd4 19. Qd3 Nd7 20. Nc3 O-O {1/2-1/2 Matsuura,E-Toth,C/
Americana 1996/EXT 97 (36)}) (11... b5 $6 12. a4 Bxe3 13. Qxe3 b4 14. e5 $5
dxe5 15. Nb5 axb5 16. axb5 Rxa1 17. Bxc6+ Bd7 18. Rxa1 {1-0 Kupreichik,
V-Kohlweyer,B/Bad Woerishofen 1997/Inf 69/[Kupreichik,V] (38)}) 12. Bg5 $5 {
Die Hauptidee des Zuges ist, Bxf6 zu spielen und damit die schwarze
Königsstellung zu schwächen. Spielt Weiß früher Bg5, kann der schwarze König
noch in der Mitte bleiben oder lang rochieren.} Ne5 (12... Nd7 $5 {Ich
empfehle diesen Zug. Schwarz vermeidet die Möglichkeit Bxf6 und möchte mit ...
b7-b5 am Damenflügel spielen.} 13. a4 Nce5 $11) 13. Kh1 {[%csl Yc4]} Bd7 (13...
Nfd7) 14. Bxf6 gxf6 {In Wirklichkeit droht dem Schwarzen am Königsflügel keine
große Gefahr.} 15. f4 Nc4 $11 {[%csl Gc4][%cal Rc4b2,Rc4e3,Re3f1,Re3g2] Der
schwarze Springer steht gut auf c4.} (15... Ng6 16. Rad1 $14 {[%csl Rg6]}) 16.
Nd1 {[%csl Rd1][%cal Gd1b2,Gd1e3] Weiß muß sich gegen die Drohungen ...Nxb2
und ...Ne3 verteidigen.} Kh8 17. Nc1 {[%cal Gc1d3] Der Springer strebt nach d3.
Von dort kann er b2 verteidigen.} Rac8 {[%cal Gc8c2]} 18. Nd3 b5 19. c3 (19. b3
Nb6 (19... Na3 $6 20. c3) 20. Ne3) 19... Bc6 (19... a5 $5 {Schwarz verhindert
Nb4.}) 20. Nb4 Bb7 21. a4 $1 $14 {Weiß bekommt die Initiative am Damenflügel.
Der a7-Läufer steht schlecht. Es droht 21.axb5.} Ra8 (21... bxa4 22. Rxa4 Qb6
$5) (21... a5 {[%cal Ra5b4]} 22. axb5 axb4 23. Rxa7 $16) 22. Nd3 {Meines
Erachtens wäre 22.axb5 konsequenter.} (22. axb5 axb5 23. b3 Na5 (23... Nb6 24.
Qxb5 $16) 24. Ra3 Qb6 (24... Nc6 25. Qxb5 Rfb8 26. Nxc6 Bxc6 27. Qd3 $16) 25.
Qh5 $36) 22... Bb6 (22... bxa4 23. Rxa4 $14) 23. f5 e5 $6 {Dieser Zug gefällt
mir nicht, denn er schwächt das Feld d5. Es wäre besser, die Spannung zu
halten.} (23... bxa4 24. Rxa4 Ne5 $13) 24. Nb4 {[%csl Yd5][%cal Gb4d5]} Qd7 {
Für den Fall axb5 bereitet Schwarz Qxb5 vor.} 25. Qd3 Rac8 26. axb5 Qxb5 $5 {
Schwarz nimmt mit der Dame und möchte mit dem Zug ...a6-a5 Gegenspiel bekommen.
Das Zurückschlagen mit dem Bauern scheint mir sicherer zu sein.} (26... axb5
27. b3 Na5 28. Ra3 $14) 27. Re1 a5 28. Nd5 Bxd5 29. exd5 Qb3 {Schwarz
entfesselt sich.} (29... a4 $5 30. Qc2 Ra8 {[%cal Gf8c8]}) 30. Be4 $1 $16 {
[%csl Ge4] Der Läufer hat eine gute Position auf e4 und gelangt eventuell nach
Vorbereitung nach c2 oder d3.} Nxb2 $2 (30... Rc7 31. Qe2 $16 {[%csl Rb3][%cal
Ge4c2]}) 31. Qb1 {[%csl Rb2,Rb3] Diesen Zug hat Schwarz eindeutig übersehen.
Weiß gewinnt eine Figur.} Rxc3 32. Qxb2 (32. Nxb2 Bd4 (32... Rxg3 33. Nd3 $1
$18 {[%csl Rb6,Rg3]} (33. hxg3 Qxg3 34. Re2 $18)) 33. Na4 $18) 32... Rxg3 $5 {
In schlechter Stellung versucht es Schwarz mit Komplikationen. Das ist seine
einzige Gegenchance.} 33. Qxb3 $6 (33. hxg3 $5 {Dieser Zug ist auch
vorteilhaft für Weiß und vielleicht besser als die Partiefortsetzung.} Qxg3 {
[%csl Rh1][%cal Rg3e1] Weiß muß noch vorsichtig sein} 34. Ne3 $8 (34. Rf1 $2
Qh3+ 35. Qh2 Qxf1+ $19) 34... Qh4+ (34... Rg8 35. Qh2 $18) 35. Kg1 (35. Kg2 $2
Qxe4+ $19) 35... Qg5+ (35... Qxe4 36. Qxb6 Rg8+ 37. Kf2 Qf4+ 38. Ke2) (35...
Rg8+ 36. Bg2 $18) 36. Qg2 Bxe3+ 37. Kf1 $18 {Der materialvorteil ist
wertvoller als die schwarze Initiative.}) 33... Rxb3 34. Re2 $14 {Schwarz hat
drei Bauern für die Figur, aber der Läufer steht gut auf e4 und die schwarze
Bauernmasse am Königsflügel ist blockiert.} Rg8 {[%cal Rg8g1,Rg1h1]} (34... Rc8
) 35. Nf2 Rb4 36. Nd3 {In der weißen Stellung ist alles verteidigt, aber es
ist nicht leicht, voranzukommen.} Rd4 (36... Rb3) 37. Rb1 {[%csl Gb1][%cal
Gb1b7]} Ba7 38. h3 (38. Rb7 $2 Rxe4 $19 {[%cal Rg8g1,Rg1h1]}) 38... Rg3 $6 {
Dieser Zug ist sehr optimistisch. Schwarz möchte ...Rxe4 oder ...Rxd3 spielen.}
(38... a4 39. Rb7 Bc5 40. Nxc5 dxc5 41. Rxf7 a3 42. Ra7 $16) 39. Rb7 $16 {
[%csl Gb7][%cal Rb7a7,Rb7f7]} Bc5 40. Nxc5 dxc5 {Schwarz gab auf. Der weiße
Gewinn ist nur eine Frage der Zeit.} (40... dxc5 41. Kh2 Rg7 (41... Rg5 42.
Rxf7 $18) (41... Rc3 42. Rg2) 42. Rb5 $18 {[%cal Rb5a5,Rb5c5]}) 1-0